Capitales de América por orden alfabético - Estadísticas

Estadísticas generales
  • Esta prueba ha sido intentada 166 veces
  • La puntuación promedio es 21 de 35
Estadísticas de respuestas
# Capitales % Correcto
A Asunción
93%
B Buenos Aires
87%
Q Quito
85%
B Bogotá
84%
C Caracas
82%
B Brasilia
79%
L Lima
78%
M Montevideo
76%
W Washington D.C.
76%
C Ciudad de México
71%
K kingston
71%
O Ottawa
71%
C Ciudad de Panamá
68%
B Belmopán
66%
G Georgetown
66%
M Managua
65%
C Ciudad de Guatemala
63%
L La Habana
63%
T Tegucigalpa
62%
K Kingstown
60%
P Paramaribo
59%
S Santiago
54%
S Sucre
54%
P Puerto Príncipe
52%
N Nasáu
49%
P Puerto España
49%
S San José
49%
B Basseterre
46%
B Bridgetown
45%
S San Salvador
41%
C Castries
40%
S Santo Domingo
39%
R Roseau
36%
S Saint John's
31%
S Saint George
27%
No se encontraron pruebas coincidentes
Distribución de puntuación
Porcentaje de gente con cada puntuación
Porcentaje por número respondido
Historial de tus puntuaciones
No has intentado esta prueba.